01294cam a2200277 a 450000100060000000300080000600500170001400800390003102000160007003500190008604000270010504100080013208200280014024500730016826000510024130000280029250400510032052001560037165000640052770000440059171000530063594200120068899900170070095201500071795201490086733972BD-RjUL20211209052104.0140512s1992 ii b 101 0 eng a817100413X  a(BD-RjUL)34064 aDLCcDLCdBD-RjULbeng aeng00a344.54048220bPOP 199200aPopulation policy and the law /ceditor-in-chief, B.P. Singh Sehgal. aNew Delhi :bDeep & Deep Publications,cc1992. axviii, 273 p. ;c22 cm. aIncludes bibliographical references and index. aProceedings of a seminar organized by the Dept. of Law, University of Jammu and partially sponsored by ICSSR North Western Regional Centre, Chandigarh. 0aPopulationxLaw and legislationzIndiaxCongresses.91032501 aSehgal, Brinder Pal Singh,d1951-964482 aUniversity of Jammu.bDepartment of Law.9103251 2ddccBK c33972d33972 00102ddc40718NFICaRUCLbRUCLcReadingd1997-12-15eAnkur Prakashanig275.00l0o344.54048 POP 1992r2014-05-12 00:00:00tC-1w2014-05-12yBK 00102ddc40708NFICaRUCLbRUCLcStackd1997-12-15eAnkur prakashanig275.00l0o344.54048 POP 1992r2014-05-12 00:00:00tC-2w2014-05-12yBK